[Event "Begonia op 48th"]
[Site "Ballarat"]
[Date "2014.03.08"]
[Round "2"]
[White "Dale, Ari"]
[Black "Lojanica, Milenko"]
[Result "1-0"]
[WhiteElo "2120"]
[BlackElo "1950"]
[PlyCount "79"]
[EventDate "2014.03.08"]
[EventType "swiss"]
[EventRounds "7"]
[EventCountry "AUS"]
[SourceTitle "CBM 159 Extra"]
[Source "ChessBase"]
[SourceDate "2014.04.24"]
[SourceVersion "1"]
[SourceVersionDate "2014.04.24"]
[SourceQuality "1"]

1. d4 d5 2. c4 e6 3. Nc3 Nf6 4. cxd5 exd5 5. Bg5 c6 6. e3 Be7 7. Bd3 Be6 8. Nge2 Qb6 9. 0-0 h6 10. Bxf6 Bxf6 11. Nf4 Bc8 12. Rc1 Qd8 13. Bb1 g6 14. Nxg6 fxg6 15. Bxg6+ Kf8 16. e4 Kg7 17. Bh5 dxe4 18. Nxe4 Rf8 19. Rc3 Bf5 20. Re1 Bxd4 21. Rf3 c5 22. Rxf5 Rxf5 23. Qg4+ Rg5 24. Nxg5 hxg5 25. Re6 Nd7 26. Rd6 Kh8 27. Rxd7 Qf6 28. Rf7 Re8 29. g3 Re1+ 30. Kg2 Qc6+ 31. Kh3 Qe6 32. Rxb7 a5 33. Qxe6 Rxe6 34. f3 Re2 35. Kg4 Bxb2 36. Kxg5 Re5+ 37. Kg4 Re2 38. f4 c4 39. Kg5 c3 40. Bxe2 1-0

[Event "Adelaide Checkmate op"]
[Site "Adelaide"]
[Date "2008.10.10"]
[Round "6"]
[White "Lojanica, Milenko"]
[Black "Scott, Ronald"]
[Result "1/2-1/2"]
[WhiteElo "2016"]
[BlackElo "2241"]
[PlyCount "51"]
[EventDate "2008.07.05"]
[EventType "swiss"]
[EventRounds "7"]
[EventCountry "AUS"]
[SourceTitle "EXT 2023"]
[Source "ChessBase"]
[SourceDate "2022.10.05"]
[SourceVersion "1"]
[SourceVersionDate "2022.10.05"]
[SourceQuality "1"]

1. e4 e5 2. Nf3 d6 3. Bc4 Bg4 4. c3 c6 5. d3 Nf6 6. Bg5 h6 7. Be3 Qc7 8. h3 Bh5 9. g4 Bg6 10. Nh4 Bh7 11. f3 d5 12. Bb3 Nbd7 13. Nd2 Nc5 14. Bc2 Ne6 15. Ng2 Be7 16. Qe2 Rd8 17. Nb3 b6 18. 0-0 g5 19. Rae1 0-0 20. h4 c5 21. hxg5 hxg5 22. Bc1 d4 23. c4 Nd7 24. Kf2 Kg7 25. Rh1 a6 26. Rh2 1/2-1/2

[Event "Adelaide Checkmate op"]
[Site "Adelaide"]
[Date "2008.07.05"]
[Round "1"]
[White "Cooke, Tristrom"]
[Black "Lojanica, Milenko"]
[Result "0-1"]
[WhiteElo "1495"]
[BlackElo "2016"]
[PlyCount "62"]
[EventDate "2008.07.05"]
[EventType "swiss"]
[EventRounds "7"]
[EventCountry "AUS"]
[SourceTitle "EXT 2010"]
[Source "ChessBase"]
[SourceDate "2010.11.25"]
[SourceVersion "1"]
[SourceVersionDate "2010.11.25"]
[SourceQuality "1"]

1. e4 c5 2. Bc4 e6 3. Nf3 Nc6 4. Nc3 a6 5. d4 cxd4 6. Nxd4 Qc7 7. Bb3 Nf6 8. Be3 Bb4 9. f3 Na5 10. Qd3 b5 11. 0-0 Bb7 12. Nce2 Nc4 13. Bxc4 bxc4 14. Qd1 d5 15. exd5 Nxd5 16. Bf2 0-0 17. Qc1 h6 18. c3 Bd6 19. Bg3 Rab8 20. Bxd6 Qxd6 21. Ng3 Ba8 22. Rf2 Nf4 23. Rd2 Rbd8 24. Qf1 e5 25. Rad1 exd4 26. Rxd4 Qb6 27. Kh1 Rxd4 28. Rxd4 Ne6 29. Rxc4 Qxb2 30. Ra4 Bc6 31. Rg4 Qxa2 0-1

[Event "Adelaide Checkmate op"]
[Site "Adelaide"]
[Date "2008.07.05"]
[Round "2"]
[White "Lojanica, Milenko"]
[Black "West, Guy"]
[Result "0-1"]
[WhiteElo "2016"]
[BlackElo "2310"]
[PlyCount "162"]
[EventDate "2008.07.05"]
[EventType "swiss"]
[EventRounds "7"]
[EventCountry "AUS"]
[SourceTitle "EXT 2010"]
[Source "ChessBase"]
[SourceDate "2010.11.25"]
[SourceVersion "1"]
[SourceVersionDate "2010.11.25"]
[SourceQuality "1"]

1. e4 d5 2. exd5 Nf6 3. Nc3 Nxd5 4. d4 Bf5 5. Qf3 e6 6. Nxd5 Qxd5 7. Qxd5 exd5 8. c3 Bd6 9. Be3 0-0 10. Nf3 Nd7 11. Be2 Nf6 12. h3 Rfe8 13. 0-0 Ne4 14. Rfe1 Re7 15. Nd2 Rae8 16. Nxe4 Bxe4 17. Bf1 a5 18. Bd2 c6 19. f3 Bg6 20. Rxe7 Rxe7 21. Kf2 Kf8 22. Re1 Rxe1 23. Kxe1 Bb1 24. a3 Ba2 25. b4 axb4 26. axb4 Bg3+ 27. Kd1 Bb3+ 28. Kc1 Ke7 29. Bd3 Kf6 30. Be3 Bc4 31. Kd2 Bxd3 32. Kxd3 Kg6 33. Ke2 Kh5 34. Bd2 f5 35. f4 h6 36. Kf3 Kh4 37. Ke2 g5 38. fxg5 hxg5 39. Kf3 g4+ 40. hxg4 fxg4+ 41. Ke2 Bd6 42. Be1+ Kg5 43. g3 Kf5 44. Kd3 Be7 45. Bf2 Bd6 46. Be1 Ke6 47. Bf2 Kd7 48. Be1 Kc7 49. c4 dxc4+ 50. Kxc4 b5+ 51. Kd3 Kd7 52. Ke3 Ke7 53. Kd3 Kf6 54. Ke3 Kf5 55. Kd3 Bf8 56. Bd2 Be7 57. Bc3 Bg5 58. Be1 Bc1 59. Bc3 Bh6 60. Be1 Bg7 61. Bd2 Bf8 62. Bc3 Be7 63. Bd2 Bf6 64. Bc3 Bg7 65. Bd2 Bf8 66. Bc3 Be7 67. Bd2 Bd8 68. Bc3 Bb6 69. Bd2 Bc7 70. Be1 Ke6 71. Ke4 Bd6 72. Ke3 Kd5 73. Kd3 Bc7 74. Ke3 Kc4 75. Ke4 Bd6 76. Kf5 Bxb4 77. Bxb4 Kxb4 78. Kxg4 Kc3 79. Kf4 b4 80. g4 b3 81. g5 b2 0-1

[Event "Australian Masters-A"]
[Site "Melbourne"]
[Date "2006.12.16"]
[Round "2"]
[White "Lojanica, Milenko"]
[Black "Goldenberg, Igor"]
[Result "0-1"]
[WhiteElo "2146"]
[BlackElo "2358"]
[PlyCount "46"]
[EventDate "2006.12.15"]
[EventType "tourn"]
[EventRounds "11"]
[EventCountry "AUS"]
[SourceTitle "EXT 2010"]
[Source "ChessBase"]
[SourceDate "2010.11.25"]
[SourceVersion "1"]
[SourceVersionDate "2010.11.25"]
[SourceQuality "1"]

1. e4 c5 2. Nf3 Nc6 3. d4 cxd4 4. Nxd4 e6 5. Nc3 d6 6. Be3 Nf6 7. Qd2 Be7 8. f3 0-0 9. 0-0-0 a6 10. g4 Nd7 11. g5 Nde5 12. Be2 b5 13. f4 Nxd4 14. Bxd4 Nc6 15. Be3 Qa5 16. a3 b4 17. Nb1 Bb7 18. Bd3 Rfc8 19. h4 d5 20. exd5 exd5 21. Bf5 Rd8 22. Bh3 d4 23. Bf5 Qxf5 0-1

[Event "Australian Masters-A"]
[Site "Melbourne"]
[Date "2006.12.16"]
[Round "3"]
[White "Sales, Jesse Noel"]
[Black "Lojanica, Milenko"]
[Result "1-0"]
[WhiteElo "2347"]
[BlackElo "2146"]
[PlyCount "51"]
[EventDate "2006.12.15"]
[EventType "tourn"]
[EventRounds "11"]
[EventCountry "AUS"]
[SourceTitle "EXT 2010"]
[Source "ChessBase"]
[SourceDate "2010.11.25"]
[SourceVersion "1"]
[SourceVersionDate "2010.11.25"]
[SourceQuality "1"]

1. Nf3 Nf6 2. c4 e6 3. Nc3 Be7 4. d4 d5 5. g3 0-0 6. Bg2 b6 7. 0-0 Bb7 8. cxd5 Nxd5 9. Qc2 Nxc3 10. bxc3 Nd7 11. e4 Kh8 12. Re1 Qe8 13. h4 f5 14. Ng5 Bxg5 15. hxg5 e5 16. exf5 Bxg2 17. Kxg2 Qf7 18. g4 g6 19. f6 Rfe8 20. Kg3 Rad8 21. Be3 e4 22. d5 Nf8 23. c4 c6 24. dxc6 Qc7+ 25. Bf4 Qxc6 26. f7 1-0

[Event "Box Hill CC-ch"]
[Site "Box Hill"]
[Date "2005.06.12"]
[Round "3.8"]
[White "Belletty, Malcolm"]
[Black "Lojanica, Milenko"]
[Result "1-0"]
[WhiteElo "1828"]
[BlackElo "2010"]
[PlyCount "75"]
[EventDate "2005.06.11"]
[EventType "swiss"]
[EventRounds "7"]
[EventCountry "AUS"]
[SourceTitle "EXT 2018"]
[Source "ChessBase"]
[SourceDate "2017.10.13"]
[SourceVersion "1"]
[SourceVersionDate "2017.10.13"]
[SourceQuality "1"]

1. e4 c5 2. Nf3 e6 3. d4 cxd4 4. Nxd4 Nf6 5. Nc3 Bb4 6. Bd3 Nc6 7. a3 Bc5 8. Nb3 Be7 9. Bf4 0-0 10. e5 Ne8 11. Qh5 f5 12. 0-0-0 a6 13. Bc4 Qc7 14. Rhe1 b5 15. Bd3 b4 16. axb4 Bxb4 17. Re3 Bxc3 18. bxc3 g6 19. Qh6 Rf7 20. g4 Ne7 21. Rg1 Ng7 22. Rh3 Rb8 23. Qxh7+ Kf8 24. Kd2 Rxb3 25. cxb3 Qc5 26. Be3 Qxe5 27. Bd4 Qf4+ 28. Kc2 Nc6 29. Be3 Qc7 30. Bg5 Ne7 31. gxf5 exf5 32. Qh8+ Ng8 33. Re1 d5 34. Rh7 d4 35. Bc4 Qa5 36. Re8+ Kxe8 37. Qxg8+ Rf8 38. Qxf8+ 1-0

[Event "Box Hill CC-ch"]
[Site "Box Hill"]
[Date "2005.06.11"]
[Round "2.9"]
[White "Lojanica, Milenko"]
[Black "Nothdurft, John D"]
[Result "1-0"]
[WhiteElo "2010"]
[BlackElo "1734"]
[PlyCount "111"]
[EventDate "2005.06.11"]
[EventType "swiss"]
[EventRounds "7"]
[EventCountry "AUS"]
[SourceTitle "EXT 2018"]
[Source "ChessBase"]
[SourceDate "2017.10.13"]
[SourceVersion "1"]
[SourceVersionDate "2017.10.13"]
[SourceQuality "1"]

1. e4 c5 2. Nf3 e6 3. d4 cxd4 4. Nxd4 a6 5. c4 Nf6 6. Nc3 Bb4 7. Bd3 Nc6 8. Nxc6 dxc6 9. 0-0 e5 10. h3 0-0 11. Be3 Be6 12. Ne2 Be7 13. f4 exf4 14. Nxf4 Qc7 15. Nxe6 fxe6 16. Qc2 e5 17. c5 h6 18. Rf5 g6 19. Rf3 Kg7 20. Qd2 Ng8 21. Raf1 Rxf3 22. Rxf3 Rf8 23. Rxf8 Bxf8 24. Bc4 h5 25. b4 Be7 26. Bb3 Nf6 27. Qd3 Bf8 28. Qc4 a5 29. a3 axb4 30. axb4 Qd7 31. Qe6 Qxe6 32. Bxe6 Nxe4 33. Bc8 b6 34. cxb6 Bxb4 35. b7 Bd6 36. Ba7 h4 37. Bg4 Kf6 38. Kf1 g5 39. Ke2 Bc7 40. b8Q Bxb8 41. Bxb8 Nc5 42. Ke3 e4 43. Kd4 Nb3+ 44. Kxe4 c5 45. Be5+ Kg6 46. Bc3 Nc1 47. Kd5 Nd3 48. Bd2 Kf6 49. Be2 Nf2 50. Be3 Nh1 51. Bxc5 Ng3 52. Bg4 Nf5 53. Bd4+ Kg6 54. Bxf5+ Kxf5 55. Bc3 g4 56. Bd2 1-0

[Event "Adelaide University op"]
[Site "Adelaide"]
[Date "2004.07.11"]
[Round "6"]
[White "Lojanica, Milenko"]
[Black "Short, Andrew"]
[Result "1-0"]
[WhiteElo "2023"]
[BlackElo "1643"]
[PlyCount "128"]
[EventDate "2004.07.10"]
[EventType "swiss"]
[EventRounds "7"]
[EventCountry "AUS"]
[SourceTitle "EXT 2006"]
[Source "ChessBase"]
[SourceDate "2005.11.24"]
[SourceVersion "1"]
[SourceVersionDate "2005.11.24"]
[SourceQuality "1"]

1. e4 e5 2. Nf3 Nc6 3. Bc4 Bc5 4. c3 Nf6 5. d4 exd4 6. e5 Nxe5 7. Nxe5 d5 8. Be2 dxc3 9. Nxc3 d4 10. 0-0 Qe7 11. Bb5+ Kf8 12. Re1 dxc3 13. Nd7+ Bxd7 14. Rxe7 Bxe7 15. Be2 cxb2 16. Bxb2 Bc6 17. Rc1 Rd8 18. Qc2 Ne4 19. Bd3 Nf6 20. h3 h5 21. Be5 Bd6 22. f4 Rh6 23. Kh2 Nd7 24. Bxd6+ Rxd6 25. Be4 Nf6 26. Bxc6 Rxc6 27. Qb2 Rxc1 28. Qxc1 Nd5 29. Qc5+ Ke8 30. Qxa7 b6 31. Qa4+ Kf8 32. Qd1 g6 33. f5 Rd6 34. fxg6 fxg6 35. a4 Kg7 36. Qa1+ Kg8 37. Qe5 Kf7 38. Kg3 Nf6 39. Kh4 g5+ 40. Kg3 h4+ 41. Kf3 Kg6 42. Qc3 Nd5 43. Qc2+ Kh6 44. Qc1 c6 45. Qb2 Kg6 46. Qh8 Rf6+ 47. Ke4 Rf4+ 48. Ke5 Rf5+ 49. Kd4 Rf4+ 50. Kd3 Rf6 51. Qg8+ Kf5 52. Qc8+ Re6 53. Qb8 Nf4+ 54. Kd4 Nd5 55. Qf8+ Rf6 56. Qa3 Re6 57. Qf3+ Kg6 58. a5 bxa5 59. Kc5 a4 60. Qd3+ Kf6 61. Qd4+ Kf5 62. Qxa4 Nf4 63. Qc2+ Kf6 64. Qc3+ Kg6 1-0

[Event "Adelaide University op"]
[Site "Adelaide"]
[Date "2004.07.10"]
[Round "3"]
[White "Garcia Blanco, Miguel"]
[Black "Lojanica, Milenko"]
[Result "0-1"]
[WhiteElo "1671"]
[BlackElo "2023"]
[PlyCount "78"]
[EventDate "2004.07.10"]
[EventType "swiss"]
[EventRounds "7"]
[EventCountry "AUS"]
[SourceTitle "EXT 2006"]
[Source "ChessBase"]
[SourceDate "2005.11.24"]
[SourceVersion "1"]
[SourceVersionDate "2005.11.24"]
[SourceQuality "1"]

1. c4 Nf6 2. Nc3 g6 3. g3 Bg7 4. Bg2 c6 5. Nf3 d5 6. cxd5 cxd5 7. d4 0-0 8. 0-0 Nc6 9. Bg5 Ne4 10. Bf4 Nxc3 11. bxc3 Na5 12. Qc1 b6 13. Bh6 Ba6 14. Bxg7 Kxg7 15. Re1 Rc8 16. Ne5 e6 17. e4 dxe4 18. Rxe4 h5 19. Qd2 Nc4 20. Nxc4 Bxc4 21. Rae1 Qd6 22. Re5 f6 23. R5e3 Rf7 24. h4 b5 25. Bh3 f5 26. Re5 Qa3 27. Qg5 Qxc3 28. Rxe6 Bxe6 29. Rxe6 Qc1+ 30. Qxc1 Rxc1+ 31. Bf1 Rd7 32. Kg2 b4 33. d5 a5 34. Bb5 Rxd5 35. Be8 Rc2 36. Bxg6 Rdd2 37. Bxh5 Rxf2+ 38. Kg1 Rfd2 39. Rg6+ Kh7 0-1

[Event "Victoria-ch op"]
[Site "Box Hill"]
[Date "2004.06.13"]
[Round "3"]
[White "Kostrzewa, Jake"]
[Black "Lojanica, Milenko"]
[Result "0-1"]
[WhiteElo "1150"]
[BlackElo "2023"]
[PlyCount "30"]
[EventDate "2004.06.12"]
[EventType "swiss"]
[EventRounds "7"]
[EventCountry "AUS"]
[SourceTitle "EXT 2018"]
[Source "ChessBase"]
[SourceDate "2017.10.13"]
[SourceVersion "1"]
[SourceVersionDate "2017.10.13"]
[SourceQuality "1"]

1. e4 c5 2. Nf3 Nc6 3. d4 cxd4 4. Nxd4 Nf6 5. Nc3 e5 6. Ndb5 d6 7. Bg5 a6 8. Na3 b5 9. Nd5 Be7 10. Bxf6 gxf6 11. c3 f5 12. Bd3 f4 13. Qh5 Be6 14. 0-0 0-0 15. Nc2 Kh8 0-1

[Event "Victoria-ch op"]
[Site "Box Hill"]
[Date "2004.06.13"]
[Round "4"]
[White "Lojanica, Milenko"]
[Black "Ly, Thai"]
[Result "1-0"]
[WhiteElo "2023"]
[BlackElo "1730"]
[PlyCount "61"]
[EventDate "2004.06.12"]
[EventType "swiss"]
[EventRounds "7"]
[EventCountry "AUS"]
[SourceTitle "EXT 2018"]
[Source "ChessBase"]
[SourceDate "2017.10.13"]
[SourceVersion "1"]
[SourceVersionDate "2017.10.13"]
[SourceQuality "1"]

1. e4 e5 2. Nf3 Nc6 3. Bc4 Nf6 4. Ng5 d5 5. exd5 Nd4 6. h3 b5 7. Bf1 Nxd5 8. Nf3 Bb7 9. Nxd4 exd4 10. Bxb5+ c6 11. Qe2+ Be7 12. Bc4 0-0 13. 0-0 c5 14. d3 Re8 15. Nd2 Nf4 16. Qg4 Nxg2 17. Ne4 Nh4 18. f4 Ng6 19. Qh5 Qc7 20. Bd2 Rac8 21. Rf2 Bh4 22. Rg2 Rxe4 23. dxe4 Bxe4 24. Rxg6 Bxg6 25. Qxh4 Bxc2 26. Re1 Qb6 27. Qe7 Qg6+ 28. Kh2 h6 29. Re5 Bd3 30. Qd7 Rb8 31. Re8+ 1-0

[Event "Victoria-ch op"]
[Site "Box Hill"]
[Date "2004.06.13"]
[Round "5"]
[White "Smerdon, David"]
[Black "Lojanica, Milenko"]
[Result "1-0"]
[WhiteElo "2389"]
[BlackElo "2023"]
[PlyCount "110"]
[EventDate "2004.06.12"]
[EventType "swiss"]
[EventRounds "7"]
[EventCountry "AUS"]
[SourceTitle "EXT 2018"]
[Source "ChessBase"]
[SourceDate "2017.10.13"]
[SourceVersion "1"]
[SourceVersionDate "2017.10.13"]
[SourceQuality "1"]

1. e4 c5 2. Nf3 e6 3. c3 Nc6 4. d4 d5 5. exd5 Qxd5 6. Be2 cxd4 7. cxd4 Nf6 8. Nc3 Qd8 9. 0-0 Be7 10. Be3 0-0 11. a3 Nd5 12. Bc4 Nxc3 13. bxc3 b6 14. Re1 Bb7 15. Bb3 Rc8 16. Qd3 Bf6 17. Bf4 g6 18. Bc2 Bg7 19. Ng5 Qf6 20. Bc1 Rfd8 21. Qh3 h6 22. Nf3 Nxd4 23. Nxd4 Rxd4 24. cxd4 Rxc2 25. Be3 Qe7 26. Qg3 Kh7 27. Rec1 Rxc1+ 28. Rxc1 e5 29. dxe5 Bxe5 30. Qg4 Bd5 31. Rd1 Be6 32. Qb4 Qc7 33. h3 Bg7 34. Rc1 Qd7 35. a4 g5 36. a5 bxa5 37. Qxa5 Qd3 38. Bxa7 Bb2 39. Re1 Bc3 40. Qa3 Qd2 41. Re3 Qd1+ 42. Kh2 Bd2 43. Qd3+ Kg8 44. Bd4 Qc1 45. Rxe6 fxe6 46. Qg6+ Kf8 47. Qf6+ Ke8 48. Qxe6+ Kf8 49. Qxh6+ Ke7 50. Qf6+ Kd7 51. Qf5+ Kd6 52. g3 Qe1 53. Qc5+ Ke6 54. Qc6+ Kf5 55. g4+ Kf4 1-0

[Event "Adelaide University op"]
[Site "Adelaide"]
[Date "2003.07.12"]
[Round "1"]
[White "Han, Tianchen"]
[Black "Lojanica, Milenko"]
[Result "0-1"]
[WhiteElo "862"]
[BlackElo "2077"]
[PlyCount "68"]
[EventDate "2003.07.??"]
[EventType "swiss"]
[EventRounds "7"]
[EventCountry "AUS"]
[SourceTitle "EXT 2005"]
[Source "ChessBase"]
[SourceDate "2004.11.15"]
[SourceVersion "1"]
[SourceVersionDate "2004.11.15"]
[SourceQuality "1"]

1. e4 c5 2. Nf3 e6 3. Nc3 Nf6 4. Bc4 Nc6 5. 0-0 a6 6. Be2 b5 7. e5 Ng4 8. h3 Ngxe5 9. Nxe5 Nxe5 10. Re1 Nc6 11. Bf3 Bb7 12. Nd5 Be7 13. Nf4 0-0 14. d3 d5 15. g4 Bd6 16. Qe2 Nd4 17. Qd1 Qc7 18. c3 Bxf4 19. Bxf4 Qxf4 20. cxd4 Qxd4 21. Qc2 Rac8 22. Red1 f5 23. Kg2 fxg4 24. Bxg4 Rf6 25. Qe2 Rg6 26. Kf1 Rf8 27. Qe1 Rxg4 28. hxg4 Qxg4 29. Qe2 Qh3+ 30. Kg1 d4 31. Qf1 Qf3 32. Kh2 Rf4 33. Qh3 Rh4 34. Qxh4 Qg2# 0-1

[Event "Adelaide University op"]
[Site "Adelaide"]
[Date "2002.07.14"]
[Round "6"]
[White "Cowley, Robert"]
[Black "Lojanica, Milenko"]
[Result "1-0"]
[WhiteElo "2064"]
[BlackElo "1946"]
[PlyCount "75"]
[EventDate "2002.07.13"]
[EventType "swiss"]
[EventRounds "7"]
[EventCountry "AUS"]
[SourceTitle "EXT 2005"]
[Source "ChessBase"]
[SourceDate "2004.11.15"]
[SourceVersion "1"]
[SourceVersionDate "2004.11.15"]
[SourceQuality "1"]

1. e4 c5 2. Nf3 Nc6 3. d4 cxd4 4. Nxd4 Nf6 5. Nc3 e5 6. Ndb5 d6 7. Bg5 a6 8. Na3 b5 9. Nd5 Be7 10. Bxf6 gxf6 11. g3 h5 12. c3 h4 13. Bg2 Be6 14. Nc2 Rc8 15. Nce3 Na5 16. b3 Nc6 17. 0-0 a5 18. a3 Rb8 19. b4 a4 20. Qf3 Na7 21. Rfd1 Nc8 22. Bf1 Kf8 23. Nf5 Bxd5 24. Rxd5 hxg3 25. hxg3 Na7 26. Rad1 Rb6 27. c4 bxc4 28. Bxc4 Qc7 29. Bf1 Rc6 30. Qg4 Rh7 31. Qf3 Nc8 32. Bb5 Rc3 33. R5d3 Rxd3 34. Qxd3 Qa7 35. Rc1 Nb6 36. Rc6 Rh5 37. Nxe7 Qxe7 38. Rxb6 1-0

[Event "Adelaide University op"]
[Site "Adelaide"]
[Date "2002.07.14"]
[Round "5"]
[White "Lojanica, Milenko"]
[Black "Mathews, Peter"]
[Result "1-0"]
[WhiteElo "1946"]
[BlackElo "1564"]
[PlyCount "57"]
[EventDate "2002.07.13"]
[EventType "swiss"]
[EventRounds "7"]
[EventCountry "AUS"]
[SourceTitle "EXT 2005"]
[Source "ChessBase"]
[SourceDate "2004.11.15"]
[SourceVersion "1"]
[SourceVersionDate "2004.11.15"]
[SourceQuality "1"]

1. g4 c5 2. Bg2 Nc6 3. c4 g6 4. e3 Bg7 5. Nc3 e6 6. h4 Nge7 7. b3 d5 8. cxd5 exd5 9. Bb2 Be6 10. Nh3 Qd7 11. f3 f5 12. Nf4 Bf7 13. Rc1 0-0-0 14. Ba3 d4 15. Na4 b6 16. Qe2 d3 17. Qf2 Kb7 18. Bxc5 fxg4 19. fxg4 Nd5 20. Nxd3 Be8 21. g5 Nxe3 22. Bxe3 Qxd3 23. Bxb6 Qd6 24. Bxd8 Bd4 25. Qf3 Bd7 26. Bf6 Re8+ 27. Kd1 Re3 28. Rxc6 Bxc6 29. Qxc6+ 1-0

[Event "Adelaide University op"]
[Site "Adelaide"]
[Date "2002.07.14"]
[Round "7"]
[White "Lojanica, Milenko"]
[Black "Thiyagarajah, Anand"]
[Result "1-0"]
[WhiteElo "1946"]
[BlackElo "1552"]
[PlyCount "69"]
[EventDate "2002.07.13"]
[EventType "swiss"]
[EventRounds "7"]
[EventCountry "AUS"]
[SourceTitle "EXT 2005"]
[Source "ChessBase"]
[SourceDate "2004.11.15"]
[SourceVersion "1"]
[SourceVersionDate "2004.11.15"]
[SourceQuality "1"]

1. g4 d5 2. Bg2 Bxg4 3. c4 c6 4. cxd5 cxd5 5. Qb3 Qb6 6. Qxb6 axb6 7. Bxd5 Nc6 8. Nc3 Nf6 9. Bb3 Nd4 10. Bd1 e5 11. d3 Bb4 12. Bd2 0-0 13. h3 Be6 14. e3 Nb3 15. Bxb3 Bxb3 16. Nf3 Nd7 17. Ke2 Be6 18. a3 Be7 19. b4 Nb8 20. Nxe5 Nc6 21. Nc4 Bxc4 22. dxc4 Ne5 23. Nd5 Bd8 24. Rhc1 Rc8 25. c5 bxc5 26. bxc5 Nc6 27. Rab1 Rb8 28. Rb5 Ne7 29. e4 Re8 30. Kd3 Nxd5 31. exd5 Bh4 32. Be3 Re7 33. d6 Re5 34. Kd4 Ree8 35. Rcb1 1-0

[Event "Doeberl Cup Major 40th"]
[Site "Canberra"]
[Date "2002.03.31"]
[Round "5"]
[White "Lojanica, Milenko"]
[Black "Redgrave, John"]
[Result "1-0"]
[WhiteElo "1985"]
[BlackElo "1681"]
[PlyCount "67"]
[EventDate "2002.03.29"]
[EventType "swiss"]
[EventRounds "7"]
[EventCountry "AUS"]
[SourceTitle "EXT 2004"]
[Source "ChessBase"]
[SourceDate "2003.11.25"]
[SourceVersion "1"]
[SourceVersionDate "2003.11.25"]
[SourceQuality "1"]

1. g4 d6 2. Bg2 c6 3. h3 f5 4. g5 e5 5. d3 Be6 6. f4 Nd7 7. Nf3 Ne7 8. h4 Nd5 9. fxe5 dxe5 10. e4 Nf4 11. Bxf4 exf4 12. Nd4 Bf7 13. Nxf5 Qb6 14. Nd2 0-0-0 15. Nb3 a5 16. Qf3 a4 17. Qxf4 Bh5 18. Nd2 g6 19. Nc4 Qc7 20. Qxc7+ Kxc7 21. Ng3 b5 22. Nd2 Bg7 23. Nxh5 gxh5 24. 0-0-0 b4 25. Nc4 Nc5 26. e5 b3 27. axb3 axb3 28. d4 Ra8 29. c3 Ra2 30. dxc5 Re8 31. Rd6 Rxe5 32. Rxc6+ Kd8 33. Rd1+ Ke7 34. Rc7+ 1-0

[Event "Doeberl Cup Major 40th"]
[Site "Canberra"]
[Date "2002.03.29"]
[Round "1"]
[White "Lojanica, Milenko"]
[Black "Weller, Tony"]
[Result "0-1"]
[WhiteElo "1985"]
[BlackElo "1735"]
[PlyCount "128"]
[EventDate "2002.03.29"]
[EventType "swiss"]
[EventRounds "7"]
[EventCountry "AUS"]
[SourceTitle "EXT 2004"]
[Source "ChessBase"]
[SourceDate "2003.11.25"]
[SourceVersion "1"]
[SourceVersionDate "2003.11.25"]
[SourceQuality "1"]

1. e4 c5 2. Nf3 e6 3. c3 Nc6 4. b3 Nf6 5. e5 Nd5 6. c4 Nde7 7. Bb2 g6 8. Nc3 Bg7 9. Ne4 0-0 10. Nxc5 d6 11. Nd3 d5 12. Nf4 Qc7 13. d4 Rd8 14. c5 b6 15. Rc1 Bb7 16. Bd3 bxc5 17. Rxc5 Qb6 18. 0-0 Rac8 19. Rb5 Qc7 20. Qd2 Ba6 21. Rc5 Qb6 22. Rfc1 Bh6 23. Bb1 Rd7 24. h4 Rdc7 25. g4 Nxd4 26. Bxd4 Rxc5 27. Rxc5 Rxc5 28. g5 Bf8 29. h5 Qc6 30. Bxc5 Qxc5 31. hxg6 hxg6 32. Nd4 Bg7 33. Nfxe6 fxe6 34. Nxe6 Qb5 35. Qf4 Qf1+ 36. Kh2 Qxb1 37. Nxg7 Kxg7 38. Qf6+ Kg8 39. Qxe7 Qf5 40. Qd8+ Kg7 41. Qc7+ Qf7 42. Qc5 Qf4+ 43. Kg2 Qxg5+ 44. Kf3 Qf5+ 45. Ke3 Qxe5+ 46. Kd2 Qe2+ 47. Kc3 Qd3+ 48. Kb2 Kh6 49. a4 d4 50. Qxa7 Qd2+ 51. Ka3 Qc1+ 52. Kb4 Qc3+ 53. Ka3 Bc4 54. Qb8 d3 55. Qf4+ g5 56. Qf8+ Kg6 57. Qe8+ Kf5 58. Qc8+ Kf4 59. Qc7+ Kf3 60. Qg3+ Ke2 61. Qg4+ Kd2 62. Qxc4 Qxc4 63. bxc4 Kc3 64. c5 d2 0-1

[Event "AUS-ch reserves"]
[Site "Melbourne"]
[Date "2002.01.04"]
[Round "7"]
[White "Lee, Michelle"]
[Black "Lojanica, Milenko"]
[Result "0-1"]
[WhiteElo "1645"]
[BlackElo "1985"]
[PlyCount "140"]
[EventDate "2001.12.28"]
[EventType "swiss"]
[EventRounds "11"]
[EventCountry "AUS"]
[SourceTitle "EXT 2003"]
[Source "ChessBase"]
[SourceDate "2002.11.25"]
[SourceVersion "1"]
[SourceVersionDate "2002.11.25"]
[SourceQuality "1"]

1. e4 Nf6 2. e5 Nd5 3. d4 d6 4. c4 Nb6 5. exd6 cxd6 6. Bd3 g6 7. Ne2 Bg7 8. Nbc3 Nc6 9. d5 Ne5 10. b3 Nxd3+ 11. Qxd3 0-0 12. 0-0 Nd7 13. Ba3 b6 14. Rad1 Nc5 15. Qe3 Bd7 16. Rfe1 Re8 17. Nd4 a6 18. Qf4 Qb8 19. Ne4 h6 20. Re3 Nxe4 21. Rxe4 b5 22. c5 dxc5 23. Qxb8 Raxb8 24. Bxc5 Rbc8 25. b4 e5 26. dxe6 fxe6 27. h3 e5 28. Nf3 Bf5 29. Ree1 g5 30. Rd5 Be6 31. Rd6 a5 32. a3 Bc4 33. Re4 a4 34. Rd7 Be6 35. Rd6 Bf5 36. Re3 Kf7 37. Rb6 e4 38. Rb7+ Kg8 39. Nd4 Bxd4 40. Bxd4 Rcd8 41. Bf6 Rd1+ 42. Kh2 Bd7 43. Rc3 Kf7 44. Rcc7 Kxf6 45. Rxd7 Rxd7 46. Rxd7 e3 47. fxe3 Rxe3 48. Rb7 Rxa3 49. Rxb5 Rb3 50. Rb6+ Ke5 51. Rxh6 a3 52. Ra6 Kd4 53. Ra5 Kc3 54. Rxg5 Kxb4 55. Rg4+ Ka5 56. Rg8 Rb6 57. Rg3 Ka4 58. Rxa3+ Kxa3 59. g4 Kb3 60. h4 Kc4 61. Kg3 Kd5 62. Kf4 Ke6 63. Kg5 Kf7 64. h5 Kg7 65. h6+ Kh7 66. Kh5 Rxh6+ 67. Kg5 Rg6+ 68. Kf5 Ra6 69. g5 Kg7 70. Kg4 Kg6 0-1